| 000 | 00505nam a2200169 i 4500 | ||
|---|---|---|---|
| 001 | 44938 | ||
| 003 | ES-MaACL | ||
| 005 | 20230906161125.0 | ||
| 007 | t| | ||
| 008 | 030324s1965 sp ||||1| spa d | ||
| 100 | 1 |
_aClarke, C. A. _939056 |
|
| 245 | 1 | 0 |
_aGenética práctica / _cpor C. A. Clarke ; versión, M. Ribas Mundó. |
| 260 |
_aBarcelona : _bToray, _c1965. |
||
| 300 |
_aXVI, 383 p., 15 lám. : _bil. ; _c22 cm. |
||
| 700 | 1 |
_aRibas Mundó, Manuel. _996730 |
|
| 852 |
_aES-MaACL _jC-28464 _bR.57725 |
||
| 999 |
_c44938 _d44938 |
||